| 000 | 00587nam a22002177a 4500 | ||
|---|---|---|---|
| 005 | 20170124110233.0 | ||
| 010 | _a548527 | ||
| 020 | _c00.00 | ||
| 035 | _a548527 | ||
| 037 | _bCen Lib/Ret | ||
| 040 |
_aDPL _bEN |
||
| 082 |
_a250 _bMAC |
||
| 100 |
_aMacquitty, William _941728 |
||
| 245 |
_aBuddha / _cby William Macquitty |
||
| 260 |
_aLondon _bThomas Nelson and Sons _c1969 |
||
| 270 |
_a36 Park Street _bLondon |
||
| 300 |
_a128p. : _c25cm(Hb) _bcol.ill. |
||
| 650 |
_aGautama Buddha _941729 |
||
| 650 |
_aGods of Hindus _941730 |
||
| 942 |
_2ddc _cEN _h250 _mMAC |
||
| 999 |
_c134771 _d134771 |
||